Los trágicos griegos (Record no. 146139)

MARC details
000 -LEADER
campo de control de longitud fija 00757nam a2200217 i 4500
001 - NÚMERO DE CONTROL
campo de control 146139
003 - IDENTIFICADOR DE NÚMERO DE CONTROL
campo de control ES-MaACL
005 - FECHA Y HORA DE LA ÚLTIMA TRANSACCIÓN
campo de control 20230906201428.0
007 - CAMPO FIJO DE DESCRIPCIÓN FÍSICA--INFORMACIÓN GENERAL
campo de control de longitud fija t|
008 - DATOS DE LONGITUD FIJA--INFORMACIÓN GENERAL
campo de control de longitud fija 070903q1919 sp ||||1| spa d
245 04 - MENCIÓN DEL TÍTULO
Título Los trágicos griegos
Resto del título : Esquilo, Sófocles, Eurípides /
Mención de responsabilidad, etc. páginas escogidas con introducción y notas de Girard ; versión castellana de Agustín Millares Carlo.
260 ## - PUBLICACIÓN, DISTRIBUCIÓN, ETC.
Lugar de publicación, distribución, etc. Madrid :
Nombre del editor, distribuidor, etc. [s.n.],
Fecha de publicación, distribución, etc. [1919] (
Fabricante Saturnino Calleja)
300 ## - DESCRIPCIÓN FÍSICA
Extensión 434 p. ;
Dimensiones 16 cm.
700 1# - ENTRADA AGREGADA--NOMBRE PERSONAL
Nombre de persona Esquilo.
9 (RLIN) 47970
700 0# - ENTRADA AGREGADA--NOMBRE PERSONAL
Nombre de persona Sófocles.
9 (RLIN) 107023
700 1# - ENTRADA AGREGADA--NOMBRE PERSONAL
Nombre de persona Eurípides.
9 (RLIN) 48332
700 1# - ENTRADA AGREGADA--NOMBRE PERSONAL
Nombre de persona Girard, Paul (
Fechas asociadas al nombre 1852-1922)
9 (RLIN) 57223
700 1# - ENTRADA AGREGADA--NOMBRE PERSONAL
Nombre de persona Millares Carlo, Agustín,
Fechas asociadas al nombre 1893-1980
9 (RLIN) 81176
852 ## - LOCALIZACIÓN
Ubicación ES-MaACL
Número de control de estantería B-3807
Holdings
Estatus retirado Estado de pérdida Estado de daño No para préstamo Biblioteca de origen Biblioteca actual Ubicación en estantería Fecha de adquisición Fuente de adquisición Total de préstamos Signatura topográfica completa Código de barras Visto por última vez Precio de reemplazo Tipo de ítem Koha
        Biblioteca del Ateneo de Madrid Biblioteca del Ateneo de Madrid Sala Pardo Bazán 17/01/2008     B-3807 1152534 23/02/2023 23/02/2023 Libro impreso